000 00406nam a2200157Ia 4500
003 OSt
005 20230602104339.0
008 211028s2012 xx 000 0 und d
040 _cAIMIT LIBRARY
041 _aeng
100 _aPrajna, M; Shetty, Annapoorna.
_98372
_e101924
110 _aAnnapoorna Shetty
_98373
245 _aBanking solutions via NFC.
260 _aMangalore
_c2012
942 _2ddc
_cPRO
999 _c219855
_d219855